000 00319nam a2200133Ia 4500
005 20251222140108.0
008 251222s1900||||xx |||||||||||||| ||spa||
020 _a8805054453
082 _a178/G28
100 _aGatti, Guido
245 0 _aSolidarietà o Mercato?
264 _bSocietà Ed. Internazionale
942 _cLIB
999 _c4215
_d4215